Česko-francouzský slovník

Gespeichert in:
Bibliographische Detailangaben
1. Verfasser: Vlasák, Václav
Weitere Verfasser: Lyer, Stanislav
Format: Buch
Sprache:Tschechisch
Französisch
Veröffentlicht: Praha Stát. ped. nakl. 1987
Ausgabe:1. vyd.
Schriftenreihe:Střední slovníky jednostranné
Tags: Tag hinzufügen
Keine Tags, Fügen Sie das erste Tag hinzu!

MARC

LEADER 00000nam a2200000 4500
001 c026903
005 20221219102557.3
041 0 |a cze 
041 0 |a fre 
044 |a CZ 
245 1 0 |a Česko-francouzský slovník  |c Václav Vlasák, Stanislav Lyer 
250 |a 1. vyd. 
264 1 |a Praha  |b Stát. ped. nakl.  |c 1987 
300 |a 2 diely 
490 1 |a Střední slovníky jednostranné 
830 0 |a Střední slovníky jednostranné 
100 1 |a Vlasák, Václav 
700 1 |a Lyer, Stanislav